LEADER 00629nam a2200169 i 4500 001 000000242017 003 CaOOAMICUS 005 20150526000000.0 008 150526s1834 it u000 u fre u 013 $a220922 040 $aSeMil$bita 245 10$aPetit-carême. 300 $aLIX, 287 p. 773 0 $aMassillon, Jean-Baptist $tOeuvres complètes de Massillon, évêque de Clermont.$dA Paris : Chez Gauthier frères et C., 1834.$g6$w()31928 850 $aSeMil 852 $aSeMil$W1$xVenegono$y1$m3F II 11 FA$j192363$B192363$CSeMilBibl$Z2$F203189 $8I 996 $6245$aPetit-carême$9(OLS)http://semarc/title/343798 LEADER 00439nab a2200145 i 4500 001 000000310037 003 CaOOAMICUS 005 20180831173006.0 008 180831n xx uu u0 0und r 013 $a19131 040 $aSeMil$bita 100 1 $aPanizzi, Domenico.$0(OLS)http://semarc/name/11295 245 10$aRassegna politica. 773 0 $t[Gennaio-Giugno].$g368-373,480-482$w()273952 996 $6245$aRassegna politica$9(OLS)http://semarc/title/384766